Southville International School and Colleges
Your cart is empty.
  • Cart
  • Lists
    Public lists Eva Luna New books Lux_list list_1
    Your lists Log in to create your own lists
  • Log in to your account
  • Your cookies
  • Search history
Southville International School and Colleges
  • Advanced search
  • Recent comments
  • Most popular
  • Libraries

Log in to your account

Log in with GOOGLE


If you do not have an external account, but do have a local account, you can still log in:

  1. Home
  2. MARC view: Zoology /
Normal view MARC view ISBD view

Zoology / (Record no. 13546)

[ view plain ]
MARC details
000 -LEADER
fixed length control field 00995cam a22003014a 4500
001 - CONTROL NUMBER
control field 14258103
003 - CONTROL NUMBER IDENTIFIER
control field OSt
005 - DATE AND TIME OF LATEST TRANSACTION
control field 20140310182443.0
008 - FIXED-LENGTH DATA ELEMENTS--GENERAL INFORMATION
fixed length control field 060208s2007 maua 001 0 eng
010 ## - LIBRARY OF CONGRESS CONTROL NUMBER
LC control number 2006004474
020 ## - INTERNATIONAL STANDARD BOOK NUMBER
International Standard Book Number 9780073028200
020 ## - INTERNATIONAL STANDARD BOOK NUMBER
International Standard Book Number 0072988894 (hard copy : alk. paper)
040 ## - CATALOGING SOURCE
Original cataloging agency DLC
Transcribing agency DLC
Modifying agency DLC
042 ## - AUTHENTICATION CODE
Authentication code pcc
050 00 - LIBRARY OF CONGRESS CALL NUMBER
Classification number QL 47.2
Item number .M55 2010
100 1# - MAIN ENTRY--PERSONAL NAME
Personal name Miller, Stephen A.
9 (RLIN) 7447
245 10 - TITLE STATEMENT
Title Zoology /
Statement of responsibility, etc Stephen A. Miller, John P. Harley.
250 ## - EDITION STATEMENT
Edition statement 8th ed
260 ## - PUBLICATION, DISTRIBUTION, ETC. (IMPRINT)
Place of publication, distribution, etc Boston :
Name of publisher, distributor, etc McGraw-Hill/Higher Education,
Date of publication, distribution, etc c2010.
300 ## - PHYSICAL DESCRIPTION
Extent xix, 588 p. :
Other physical details col. ill. ;
Dimensions 29 cm.
650 #0 - SUBJECT ADDED ENTRY--TOPICAL TERM
Topical term or geographic name as entry element Zoology.
9 (RLIN) 7448
700 1# - ADDED ENTRY--PERSONAL NAME
Personal name Harley, John P.
9 (RLIN) 7449
856 41 - ELECTRONIC LOCATION AND ACCESS
Materials specified Table of contents only
Uniform Resource Identifier <a href="http://www.loc.gov/catdir/toc/ecip068/2006004474.html">http://www.loc.gov/catdir/toc/ecip068/2006004474.html</a>
906 ## - LOCAL DATA ELEMENT F, LDF (RLIN)
a 7
b cbc
c orignew
d 1
e ecip
f 20
g y-gencatlg
942 ## - ADDED ENTRY ELEMENTS (KOHA)
Source of classification or shelving scheme Library of Congress Classification
Koha item type
Holdings
Withdrawn status Lost status Source of classification or shelving scheme Damaged status Home library Current library Shelving location Date acquired Total Checkouts Total Renewals Full call number Barcode Date last seen Date checked out Copy number Price effective from Koha item type
    Library of Congress Classification   South SEED-LPDH College Library South SEED-LPDH College Library South SEED-LPDH College Section 08/03/2013 6 35 QL 47.2 .M55 2010 SSLC0615 09/12/2018 09/07/2018 1 08/03/2013 Books

Zoology /

APA

Miller S. A., Harley J. P., . (2010). Zoology. Boston: McGraw-Hill/Higher Education.

Chicago

Miller Stephen A, Harley John P, . 2010. Zoology. Boston: McGraw-Hill/Higher Education.

Harvard

Miller S. A., Harley J. P., . (2010). Zoology. Boston: McGraw-Hill/Higher Education.

MLA

Miller Stephen A, Harley John P, . Zoology. Boston: McGraw-Hill/Higher Education. 2010.

  • Place hold
  • Print
  • Cite
  • Add to your cart (remove)
  • Save record
    BIBTEX Dublin Core MARCXML MARC (non-Unicode/MARC-8) MARC (Unicode/UTF-8) MARC (Unicode/UTF-8, Standard) MODS (XML) RIS
  • More searches
    Search for this title in:
    Other Libraries (WorldCat) Other Databases (Google Scholar) Online Stores (Bookfinder.com) Open Library (openlibrary.org)

Exporting to Dublin Core...

SOUTHVILLE LIBRARY

Southville International School and Colleges Library

1281 Tropical Ave. Cor. Luxembourg St., BF Homes International, Las Pinas City

Tel. No. 8256374 / 252358 Loc. 117/146

Powered by Koha